[Event "Spartak Rychnov-Maspork Nachod 3:5"]
[Site "?"]
[Date "2004.12.05"]
[Round "4.8"]
[White "Dusbaba, Petr"]
[Black "Vizibla, Roman"]
[Result "0-1"]
[WhiteElo "1733"]
[BlackElo "1844"]
[PlyCount "38"]
[EventDate "2004.??.??"]

1. e4 d6 2. d4 g6 3. Nf3 Bg7 4. Bc4 Nf6 5. Qe2 c6 6. Nc3 O-O 7. e5 dxe5 8. dxe5
Nd5 9. Bxd5 cxd5 10. Nd4 Nc6 11. Nxc6 bxc6 12. O-O d4 13. Nd1 Qc7 14. Re1 a5
15. Bf4 c5 16. c3 Ba6 17. Qe4 Bb7 18. e6 f5 19. Qxd4 Qc6 0-1

[Event "Maspork Nachod-Sl.Kradec Kr.  C 3:5"]
[Site "Nachod"]
[Date "2004.12.19"]
[Round "5.1"]
[White "Mojzis, Jan"]
[Black "Nemec, Zbynek"]
[Result "1/2-1/2"]
[WhiteElo "2178"]
[BlackElo "2188"]
[PlyCount "21"]
[EventDate "2004.??.??"]

1. e4 e6 2. d4 d5 3. e5 Ne7 4. Nf3 b6 5. Nc3 Nf5 6. Bg5 Be7 7. Bxe7 Qxe7 8. Qd2
Ba6 9. Bxa6 Nxa6 10. a3 c6 11. O-O 1/2-1/2

[Event "Maspork Nachod-Sl.Kradec Kr.  C 3:5"]
[Site "Nachod"]
[Date "2004.12.19"]
[Round "5.2"]
[White "Jiruse, Josef"]
[Black "Cerha, Michal"]
[Result "1-0"]
[WhiteElo "2055"]
[BlackElo "2027"]
[PlyCount "61"]
[EventDate "2004.??.??"]

1. f4 d5 2. b3 Nc6 3. Bb2 Nf6 4. Nf3 g6 5. e3 Bg7 6. Bb5 O-O 7. Bxc6 bxc6 8.
O-O c5 9. Ne5 Bf5 10. Qc1 Qd6 11. c4 d4 12. Na3 dxe3 13. dxe3 a6 14. Rd1 Qb6
15. Nc2 Rfd8 16. Ne1 Rd6 17. N1f3 Rad8 18. Re1 h6 19. Nh4 Be4 20. Bc3 Ba8 21.
Qa3 g5 22. Nf5 Ne4 23. Ba5 Qb7 24. Nxe7+ Kf8 25. Nd5 Rxd5 26. cxd5 Bxe5 27.
fxe5 Qxd5 28. Re2 Qxe5 29. Rf1 Bc6 30. Qb2 Qxb2 31. Rxb2 1-0

[Event "Maspork Nachod-Sl.Kradec Kr.  C 3:5"]
[Site "Nachod"]
[Date "2004.12.19"]
[Round "5.3"]
[White "Vrnata, jiri"]
[Black "Tichy, Miroslav"]
[Result "1-0"]
[WhiteElo "1954"]
[BlackElo "2046"]
[PlyCount "57"]
[EventDate "2004.??.??"]

1. e4 e5 2. Nf3 Nc6 3. d4 exd4 4. c3 d5 5. exd5 Qxd5 6. cxd4 Bg4 7. Be2 Bb4+ 8.
Nc3 O-O-O 9. O-O Qa5 10. Be3 Bxc3 11. bxc3 Qxc3 12. Rc1 Qa3 13. Rc4 Nf6 14. Ra4
Qd6 15. Qd3 Nd5 16. Rb1 Nb6 17. Ra3 Kb8 18. Rab3 Bxf3 19. Bxf3 Nxd4 20. Bxd4
Qxd4 21. Qf5 f6 22. Qb5 g6 23. Qf1 Qa4 24. a3 Rd7 25. Qc1 Rd4 26. h3 Rhd8 27.
Qc5 Qc4 28. Qe7 Rd2 29. Qe1 {Dale neprehratelne} 1-0

[Event "Maspork Nachod-Sl.Kradec Kr.  C 3:5"]
[Site "Nachod"]
[Date "2004.12.19"]
[Round "5.4"]
[White "Jager, Ludek"]
[Black "Nyvlt, Otto"]
[Result "1-0"]
[WhiteElo "2027"]
[BlackElo "1889"]
[PlyCount "61"]
[EventDate "2004.??.??"]

1. c4 Nf6 2. g3 e5 3. Bg2 Bc5 4. Nf3 Qe7 5. Nc3 c6 6. d4 exd4 7. Nxd4 O-O 8.
O-O d5 9. cxd5 Nxd5 10. Nxd5 cxd5 11. Bxd5 Rd8 12. e4 Qf6 13. Nb3 Bb6 14. Qh5
h6 15. Bd2 Be6 16. Bxb7 Nd7 17. Bc3 Qe7 18. Bxa8 Rxa8 19. Kg2 Bc4 20. Rfe1 a5
21. Nd4 Nf6 $138 22. Qf5 Ba6 23. Qf4 Bb7 24. f3 Bc7 25. Qe3 Bc8 26. Rad1 Qd7
27. Nf5 Qe6 28. Qc5 Bb8 29. Qd6 Qxd6 30. Rxd6 Bc7 31. Ne7+ 1-0

[Event "Maspork Nachod-Sl.Kradec Kr.  C 3:5"]
[Site "Nachod"]
[Date "2004.12.19"]
[Round "5.5"]
[White "Bazant, Zdenek"]
[Black "Nevole, Vladimir"]
[Result "0-1"]
[WhiteElo "1917"]
[BlackElo "2018"]
[PlyCount "128"]
[EventDate "2004.??.??"]

1. e4 c5 2. Nc3 d6 3. f4 Nc6 4. Nf3 a6 5. a4 e6 6. Bc4 Nf6 7. d3 Qc7 8. O-O Be7
9. f5 O-O 10. fxe6 Bxe6 11. Bxe6 fxe6 12. Ng5 Qd7 13. Ne2 h6 14. Nf3 Ng4 15.
Bd2 d5 16. Ng3 Nge5 17. Nxe5 Rxf1+ 18. Kxf1 Nxe5 19. Qh5 Bf6 20. Bc3 Rf8 21.
Ke2 d4 22. Bd2 c4 23. Bf4 cxd3+ 24. cxd3 Nf7 25. Qh3 Bg5 26. Qg4 Rc8 27. Bxg5
Nxg5 28. h4 Nh7 29. Kd1 Nf6 30. Qe2 Qc7 31. Nf1 Qf4 32. g3 Qe5 33. Rc1 Rf8 34.
Ke1 Qa5+ 35. Nd2 Qxa4 36. Nc4 b5 37. Ne5 Qb4+ 38. Kd1 Kh7 39. Nc6 Qa4+ 40. Qc2
Qxc2+ 41. Rxc2 Ng4 42. Rc5 Rf3 43. Kc2 e5 44. Nxe5 Nxe5 45. Rxe5 Rxg3 46. Rd5
g5 47. hxg5 Rxg5 48. Rxd4 h5 49. Rd6 a5 50. Rf6 h4 51. Rf1 h3 52. Rh1 Rg2+ 53.
Kc3 h2 54. e5 Kg6 55. b3 Kf5 56. Kd4 Ke6 57. Kc5 a4 58. bxa4 bxa4 59. Kb4 Kxe5
60. Kxa4 Kd4 61. Kb3 Kxd3 62. Kb4 Ke3 63. Kc3 Kf3 64. Kd3 Kg3 0-1

[Event "Maspork Nachod-Sl.Kradec Kr.  C 3:5"]
[Site "Nachod"]
[Date "2004.12.19"]
[Round "5.6"]
[White "Bielavsky, Jiri"]
[Black "Bednar, Jiri"]
[Result "1/2-1/2"]
[WhiteElo "2013"]
[BlackElo "1878"]
[PlyCount "44"]
[EventDate "2004.??.??"]

1. e4 e5 2. Nf3 Nc6 3. Bb5 a6 4. Bxc6 dxc6 5. O-O f6 6. d4 exd4 7. Nxd4 c5 8.
Nf3 Qxd1 9. Rxd1 Bd6 10. Nbd2 Be6 11. b3 Ne7 12. Bb2 Nc6 13. a3 O-O-O 14. Re1
Bf4 15. Rad1 Bg4 16. Nf1 Bxf3 17. gxf3 Nd4 18. Bxd4 cxd4 19. Ng3 g5 20. Re2 Be5
21. Kg2 Rhg8 22. Rd3 c5 1/2-1/2

[Event "Maspork Nachod-Sl.Kradec Kr.  C 3:5"]
[Site "Nachod"]
[Date "2004.12.19"]
[Round "5.7"]
[White "Hejzlar, Zdenek"]
[Black "Lustinec, Vladimir"]
[Result "1/2-1/2"]
[WhiteElo "1836"]
[BlackElo "2003"]
[PlyCount "69"]
[EventDate "2004.??.??"]

1. d4 d5 2. Bf4 Nf6 3. Nd2 e6 4. Ngf3 Bd6 5. Bxd6 Qxd6 6. c3 Nbd7 7. Qc2 e5 8.
dxe5 Nxe5 9. e3 O-O 10. Bd3 Nxd3+ 11. Qxd3 b6 12. O-O a5 13. Rfe1 Re8 14. Rad1
Bb7 15. Qf5 Qe6 16. Nd4 Qxf5 17. Nxf5 g6 18. Ng3 Rad8 19. f3 h5 20. Kf2 Kg7 21.
h4 c5 22. Ne2 Nd7 23. Nc1 Ne5 24. Nf1 f5 25. Nd3 Nc4 26. Nd2 Kf6 27. Nxc4 dxc4
28. Nf4 Bc6 29. Ke2 Ba4 30. Rxd8 Rxd8 31. Rc1 Rd6 32. Ke1 Ke5 33. Ke2 Kf6 34.
Ke1 Ke5 35. Ke2 1/2-1/2

[Event "Maspork Nachod-Sl.Kradec Kr.  C 3:5"]
[Site "Nachod"]
[Date "2004.12.19"]
[Round "5.8"]
[White "Nemec, Otakar"]
[Black "Novotny, Jan"]
[Result "1/2-1/2"]
[WhiteElo "1962"]
[BlackElo "1830"]
[PlyCount "39"]
[EventDate "2004.??.??"]

1. e4 e5 2. Nf3 Nc6 3. Bb5 a6 4. Ba4 Nf6 5. O-O Be7 6. Re1 b5 7. Bb3 d6 8. c3
O-O 9. h3 Na5 10. Bc2 c5 11. d4 Qc7 12. Nbd2 Nc6 13. d5 Nb8 14. Nf1 Re8 15. a4
Bb7 16. Qe2 c4 17. Be3 Nbd7 18. g4 Nc5 19. Ng3 Bf8 20. Kg2 1/2-1/2

[Event "Jiskra Jaromer B-Maspork Nachod 2,5:5,5"]
[Site "?"]
[Date "2005.01.16"]
[Round "6.1"]
[White "Martinovsky, Miroslav"]
[Black "Vrnata, Jiri"]
[Result "1-0"]
[WhiteElo "1924"]
[BlackElo "1954"]
[Annotator "Fritz 8 (30s)"]
[PlyCount "56"]
[EventDate "2005.??.??"]

{A30: Anglicka hra (symetricky system)
} 1. Nf3 c5 2. c4 Nf6 3. Nc3 b6 4. g3 g6
5. Bg2 Bb7 6. O-O {posledni tah z knihovny} h5 7. e3 Bg7 8. b3 d5 9. cxd5 Nxd5
10. Bb2 Nc6 11. d4 Ba6 $4 (11... cxd4 12. Nxd5 Qxd5 13. Nxd4 Qd7 $14) 12. Nxd5
$18 Bxf1 13. Qxf1 Rc8 14. Ne5 Nxe5 15. dxe5 e6 16. Nf6+ Bxf6 17. Qb5+ (17. Rd1
$5 {might be the shorter path} Qc7 18. Qb5+ Kf8 $18) 17... Kf8 {
Black prepares h4} (17... Qd7 18. Qxd7+ Kxd7 19. exf6 $18) 18. exf6 h4 19. Bf3
Qc7 20. Rd1 Rd8 21. Rxd8+ Qxd8 22. Qc6 hxg3 (22... h3 {does not help much} 23.
a3 $18) 23. hxg3 ({Worse is} 23. fxg3 Kg8 $18) 23... Kg8 24. Be4 (24. Qb7 {
keeps an even firmer grip} Rh5 $18) 24... Kh7 (24... Qd1+ 25. Kg2 Qh1#) 25. Qb7
$18 Kg8 26. Qxa7 (26. Bf3 $5 {makes it even easier for White} Rh5 $18) 26...
Rh6 (26... Qd1+ 27. Kg2 Qh1#) 27. Qe7 (27. Qa8 $142 {
and White can already relax} Qxa8 28. Bxa8 $18) 27... Qc8 (27... Qd1+ 28. Kg2
Qh1#) 28. Bb7 (28. Be5 Rh7 29. Bb7 Rh1+ 30. Kxh1 Qf8 31. Bd6 Qh6+ 32. Kg1 Kh8
33. Qe8+ Kh7 34. Qxf7+ Kh8 35. Qe8+ Kh7 36. Qe7+ Kh8 37. f7 Qf8 38. Qxf8+ Kh7
39. Be5 c4 40. Qg7#) 28... Qf8 1-0

[Event "Jiskra Jaromer B-Maspork Nachod 2,5:5,5"]
[Site "?"]
[Date "2005.01.16"]
[Round "6.2"]
[White "Nyvlt, Otto"]
[Black "Prouza, Tomas"]
[Result "1-0"]
[WhiteElo "1889"]
[BlackElo "1756"]
[Annotator "Fritz 8 (30s)"]
[PlyCount "75"]
[EventDate "2005.??.??"]

{E12: Damska indicka obrana (Petrosjanuv system s 4. nebo 5.Sg5)
} 1. d4 Nf6 2.
c4 e6 3. Nf3 b6 4. Bg5 Be7 5. e3 Bb7 {posledni tah z knihovny} 6. Bd3 Ne4 7.
Bxe7 Qxe7 8. O-O f5 9. Nc3 (9. Bxe4 Bxe4 10. Nc3 O-O $14) 9... Nxc3 $11 10.
bxc3 O-O 11. Qe2 Be4 (11... Qa3 12. e4 $11) 12. Rfd1 (12. Bxe4 fxe4 13. Nd2 Qh4
$14) 12... Bxd3 13. Qxd3 d6 {Controls e5} 14. Rab1 Nd7 15. Re1 Nf6 16. Nd2 Nd7
17. Rbd1 Rae8 18. Nf3 Nf6 19. d5 {This push gains space} Ne4 20. Nd4 Nc5 21.
Qc2 Qf7 22. dxe6 (22. Nb3 Nd7 $15) 22... Nxe6 $17 23. Qa4 a5 24. Qc6 Nc5 {
The knight feels good on c5} 25. Qd5 Re5 26. Qc6 (26. Qxf7+ Rxf7 27. h3 Ne4 $17
) 26... Qd7 (26... Ne4 27. Rd3 $17) 27. Qf3 (27. Qxd7 Nxd7 28. Kf1 Nc5 $15)
27... Qa4 28. Qe2 (28. Qc6 Qxc6 29. Nxc6 Ree8 $17) 28... f4 29. Nb5 Re7 30. Rd4
fxe3 31. fxe3 Rfe8 (31... h6 $15) 32. Qh5 (32. Rf1 $142 $5 $11 {
would keep White in the game}) 32... Re5 $17 (32... Rxe3 $4 {
the pawn is something Black will choke on} 33. Qd5+ R3e6 34. Nxc7 $18) (32...
Qxa2 $6 {is a bad alternative} 33. Rf1 Ne6 34. Qd5 $15) 33. Qf3 (33. Qg4 Ne6 (
33... Rxe3 $4 {the pawn of course cannot be captured} 34. Rxe3 Rf8 35. Re7 $18)
34. Re4 Rxe4 35. Qxe4 Qxa2 $17) 33... Ne6 ({Inferior is} 33... Qxa2 34. Rf1
R5e7 35. Qd5+ Kh8 36. Rdf4 $14) 34. Rg4 (34. Qd1 Qxd1 (34... Qxa2 {
is the less attractive alternative} 35. Re2 Qxe2 36. Qxe2 $16) 35. Rdxd1 Re4
$19) 34... Rf8 (34... h5 $142 $5 35. Rg3 Qxc4 $19) 35. Qe2 $17 Ref5 $4 {
ignoring the path to victory} (35... Nf4 $142 $1 36. Qd2 Qxc4 37. Nxc7 Nh3+ 38.
gxh3 Qxc7 $17) 36. c5 $18 Rf1+ (36... Rf2 {there is nothing else anyway} 37.
Rxa4 Rxe2 38. Rxe2 Nxc5 $18) 37. Rxf1 Rxf1+ 38. Kxf1 (38. Kxf1 Qxg4 39. Qxg4
$18) 1-0

[Event "Jiskra Jaromer B-Maspork Nachod 2,5:5,5"]
[Site "?"]
[Date "2005.01.16"]
[Round "6.3"]
[White "Kaiser, Marek"]
[Black "Gogela, Jan"]
[Result "1/2-1/2"]
[WhiteElo "1678"]
[BlackElo "1957"]
[Annotator "Fritz 8 (30s)"]
[PlyCount "112"]
[EventDate "2005.??.??"]

{B23: Sicilska obrana (zavoeny system)
} 1. e4 c5 2. Nc3 e6 3. g3 d5 4. exd5
exd5 5. d4 Nf6 6. Bg2 cxd4 7. Qxd4 {
Increasing the pressure on the isolated pawn on d5} Nc6 {
posledni tah z knihovny} 8. Qa4 Bc5 (8... Bd7 9. Nge2 (9. Nxd5 $2 {
would be great except for} Nxd5 10. c3 Bc5 $19) (9. Bxd5 $4 {
would lead to instant doom} Nb4 10. Qb3 Nfxd5 11. Nxd5 Nxd5 $19) 9... d4 10.
Nb1 $17) 9. Qb5 (9. Bg5 $5 {is worthy of consideration} h6 10. Bxf6 Qxf6 11.
O-O-O Qxf2 12. Bxd5 $11) 9... Qe7+ $17 10. Nge2 (10. Kf1 a6 11. Qe2 Be6 $17)
10... O-O (10... a6 $5 11. Qd3 Nb4 $17) 11. O-O $15 Nb4 (11... a6 $5 12. Qd3
Nb4 $15) 12. Bg5 $11 a6 13. Bxf6 gxf6 14. Qa4 (14. Qa5 b6 15. Qa4 $11) 14... d4
(14... a5 $142 $5 {and Black hangs on} 15. Rae1 Bd7 $15) 15. Ne4 $16 Bf5 (15...
b5 $142 $5 16. Qb3 Be6 $14) 16. Nxc5 $18 Qxc5 17. Nxd4 $1 {surprise!.} ({
Less advisable is} 17. Bxb7 Bxc2 18. Qd7 Rad8 19. Qg4+ Qg5 $15) 17... Qxd4 {
Decoy theme: d4} 18. c3 {Theme: Double Attack} Qd2 19. Qxb4 Rad8 20. Qxb7 Rfe8
21. Qf3 (21. Qxa6 $6 Bd3 22. Qxf6 Bxf1 23. Rxf1 Rd6 $16) 21... Be4 22. Qxf6 Re6
(22... Rd6 23. Qh4 Bxg2 24. Rfd1 Qxb2 25. Rxd6 Qxa1+ 26. Kxg2 Qxc3 27. Rxa6 $18
) 23. Qf4 (23. Qh4 Rde8 24. Rad1 Qxb2 $18) 23... Bxg2 $2 (23... Qxf4 24. gxf4
Rd2 25. Bxe4 Rxe4 26. b3 $18) 24. Kxg2 (24. Rfd1 $142 $5 {
keeps an even firmer grip} Qxd1+ 25. Rxd1 Rxd1+ 26. Kxg2 Kf8 $18) 24... Qxf4
25. gxf4 Rd2 26. b3 Ree2 (26... Rg6+ 27. Kh1 $18) 27. a4 Rc2 28. Rac1 Rxf2+ 29.
Rxf2 Rxc1 30. Rf3 Rb1 31. c4 a5 32. Rc3 Kf8 33. c5 Ke7 34. c6 Kd8 35. c7+ Kc8
36. Kg3 Rg1+ 37. Kf3 (37. Kh4 Rg2 38. h3 Rg6 $18) 37... f5 (37... Rh1 38. Rc5
$18) 38. h3 h5 39. Ke2 (39. Kf2 $142 $5 {might be the shorter path} Rg6 $18)
39... h4 (39... Rh1 40. Kf2 h4 41. Kg2 $16) 40. Rc5 (40. Kd3 Rf1 41. Kc4 Kxc7
42. Kb5+ Kb7 43. Kxa5 Rxf4 $18) 40... Rg3 $16 41. Rxa5 Rxb3 42. Rxf5 Kxc7 43.
Kf2 (43. Rc5+ $5 Kd6 44. Rc1 $16) 43... Rxh3 44. Kg2 Ra3 45. a5 Kd7 46. Rh5 Ke7
47. Rxh4 Rxa5 48. Kf3 Ra6 49. f5 (49. Rh5 $5 $14) 49... Ra3+ $11 50. Kg4 Ra4+
51. Kg5 {Active king in the endgame} Rxh4 52. Kxh4 Kf6 53. Kg4 Kf7 54. Kg5 {
The white king gets dangerous} Kg7 55. f6+ Kf7 56. Kf5 Kf8 1/2-1/2

[Event "Jiskra Jaromer B-Maspork Nachod 2,5:5,5"]
[Site "?"]
[Date "2005.01.16"]
[Round "6.4"]
[White "Bazant, Zdenek"]
[Black "Macharadze, Levan"]
[Result "0-1"]
[WhiteElo "1917"]
[BlackElo "1566"]
[Annotator "Fritz 8 (30s)"]
[PlyCount "126"]
[EventDate "2005.??.??"]

{C66: Spanilska (berlinska obrana)
} 1. e4 e5 2. Nf3 Nc6 3. Bb5 Nf6 4. O-O d6
5. Re1 Be7 6. d4 exd4 7. Nxd4 Bd7 {posledni tah z knihovny} 8. Nxc6 bxc6 9. Bd3
O-O 10. b3 (10. Bf4 Rb8 $11) 10... Be6 (10... Ng4 11. c3 $11) 11. Bb2 Nd7 12.
Nd2 Bf6 13. Bxf6 Qxf6 14. Qe2 Ne5 15. Nc4 Bxc4 16. Bxc4 Rfe8 17. f3 {Covers g4}
Re7 18. Bd3 Rae8 19. Qe3 Nxd3 20. cxd3 c5 21. Rac1 Re6 22. Rc4 Qe7 23. Rec1 f5
24. Qd2 fxe4 25. dxe4 c6 26. Qe3 Qf6 27. Qc3 Qe7 28. b4 cxb4 29. Qxb4 c5 30.
Qd2 Rb8 31. Qd5 Kf8 32. Rd1 Rf6 33. Rc2 Rb6 34. e5 Qxe5 35. Qa8+ Qe8 36. Qxa7
Rc6 37. Kf2 Rf7 38. Qa4 Rb6 39. Qh4 h6 40. Re1 Re7 41. Rce2 Rb2 42. Qf4+ ({
Worse is} 42. Qxe7+ Qxe7 43. Rxb2 Qh4+ 44. Ke2 Qxh2 $17) 42... Kg8 43. Qc4+ Kf8
44. Rxb2 Rxe1 45. Qf4+ Kg8 46. Rd2 Kh8 (46... Ra1 $142 $5 {
is an interesting alternative} 47. Qe4 Qd8 $11) 47. Rxd6 $16 Re2+ 48. Kg3 Rxa2
49. Qc4 (49. Qe4 $142 {would allow White to play on} Re2 50. Qxe8+ Rxe8 51. Rc6
$14) 49... Qe5+ $17 50. Kh3 Qxd6 51. Qxa2 Qf4 52. Qa8+ Kh7 53. Qb7 (53. Qa2 Qd4
$15) 53... Qf5+ (53... c4 54. Qc8 $17) 54. g4 Qd3 55. Qf7 c4 56. Kg2 c3 57. g5
$4 {sad, but how else could White save the game?} (57. Kf2 Qd2+ 58. Kf1 c2 (
58... Qxh2 $6 {is the less attractive alternative} 59. Qf5+ Kg8 60. Qc8+ Kf7
61. Qc4+ Kg6 62. Qxc3 $11) 59. Qf5+ Kg8 60. Qc8+ Kf7 61. Qc7+ Kf6 62. Qb6+ Ke5
63. Qc5+ Qd5 64. Qc7+ Kd4 65. Qxc2 Qxf3+ 66. Qf2+ Ke4 $17) 57... Qd2+ (57... c2
$142 $19 {nails it down}) 58. Kf1 Qxg5 59. f4 $4 {White falls apart} (59. Qc4
Qc1+ 60. Kf2 Qd2+ 61. Kf1 $19) 59... Qb5+ 60. Kg2 Qe2+ (60... c2 $142 {
makes sure everything is clear} 61. Qc7 Qe2+ 62. Kg3 Qe1+ 63. Kg4 c1=Q 64. Qxc1
Qxc1 $19) 61. Kg3 Qe4 (61... Qd3+ $142 {makes it even easier for Black} 62. Kf2
c2 63. f5 $19) 62. f5 (62. Qb3 {cannot change destiny} Qe3+ 63. Kg2 Qe2+ 64.
Kg3 c2 $19) 62... c2 63. Qc7 Qe3+ (63... Qe3+ 64. Kg2 Qg5+ 65. Kf2 c1=Q 66.
Qxc1 Qxc1 $19) 0-1

[Event "Jiskra Jaromer B-Maspork Nachod 2,5:5,5"]
[Site "Èeská Skalice"]
[Date "2005.01.16"]
[Round "6.5"]
[White "Bradac, Jaroslav"]
[Black "Bednar, Jiri"]
[Result "0-1"]
[WhiteElo "1744"]
[BlackElo "1878"]
[Annotator "Fritz 8 (30s)"]
[PlyCount "95"]
[EventDate "2004.??.??"]

{D35: Damsky gambit (vyminna varianta)
} 1. d4 Nf6 2. c4 e6 3. Nc3 d5 4. e3 {
posledni tah z knihovny} Nbd7 5. Bd3 Be7 6. Nge2 b6 (6... dxc4 7. Bxc4 O-O 8.
O-O $11) 7. cxd5 $14 exd5 8. O-O Bb7 9. Qc2 O-O 10. b3 Rc8 11. Bf5 (11. Bb2 a6
$11) 11... g6 12. Bh3 Ne4 13. Nxe4 dxe4 14. Ng3 (14. Rd1 $5 $11) 14... f5 15.
Qc4+ Rf7 16. Bb2 Nf6 17. Rac1 Bd6 18. Ne2 Nd5 19. Nc3 (19. a3 $5 $15 {
should be examined more closely}) 19... Nb4 $17 20. Rfd1 Ba6 21. Qe6 Kf8 (21...
Nd3 $142 22. Rc2 c5 23. Nxe4 fxe4 24. Qxe4 Nxb2 25. Bxc8 Nxd1 26. Bxa6 Bxh2+
27. Kf1 b5 28. Bxb5 cxd4 29. exd4 Kh8 $17) 22. d5 $4 (22. Nxe4 $142 {
was a good chance to save the game} fxe4 23. Qxe4 $17) 22... Rf6 $19 23. Qxc8
Bxc8 (23... Qxc8 $6 24. Nxe4 {Discovered attack} Nxa2 25. Ra1 $11 (25. Bxf6 $2
{looks attractive, but} Nxc1 26. Rxc1 Qd7 $19) (25. Nxf6 $143 Nxc1 26. Nxh7+
Kf7 27. Ng5+ Ke8 28. Rxc1 Qd7 $17)) 24. Nxe4 {Discovered attack} Rf7 (24...
fxe4 25. Bxf6) 25. Nxd6 cxd6 26. Rc4 Na6 (26... Nxa2 $6 27. Ra4 f4 28. Be6 Bxe6
29. dxe6 $19) 27. e4 (27. g3 Rc7 28. Bf1 Rxc4 29. Bxc4 Nc7 $19) 27... Rc7 28.
exf5 (28. Rxc7 {does not win a prize} Nxc7 29. f3 Ba6 $19) 28... Rxc4 29. bxc4
gxf5 30. g3 Qe7 (30... Qe8 $142 {seems even better} 31. Bf1 $19) 31. Kf1 (31.
Bf1 $19 {what else?}) 31... Nc5 (31... Qe4 {makes it even easier for Black} 32.
Bc1 Qxc4+ 33. Kg1 $19) 32. Re1 (32. Rd4 {does not improve anything} Qf6 33. Bg4
fxg4 34. Rf4 Qxf4 35. gxf4 $19) 32... Qxe1+ (32... Qc7 $142 {
and Black has reached his goal} 33. Ba3 Nd3 $19) 33. Kxe1 Nd3+ 34. Kd2 Nxb2 35.
Bf1 a5 (35... Ba6 $5 {and Black can already relax} 36. Bh3 $19) 36. f3 Kf7 37.
h3 h5 38. Ke3 (38. h4 Kf6 $19) 38... Kf6 (38... Kg6 39. Be2 $19) 39. Kd4 (39.
f4 Nd1+ 40. Kd2 Nf2 $19) 39... Bd7 40. Be2 (40. f4 Kg6 41. Be2 Ba4 $19) 40...
Ba4 41. f4 Kg6 42. g4 (42. a3 Bd1 43. Bf1 h4 44. gxh4 Kh5 $19) 42... Bd1 (42...
fxg4 $142 {might be the shorter path} 43. hxg4 h4 $19) 43. Bxd1 (43. gxh5+ Kh6
44. Bf1 $19) 43... Nxd1 44. g5 (44. gxh5+ {
a fruitless try to alter the course of the game} Kxh5 45. Kd3 Kh4 $19) 44... h4
45. a3 (45. Kd3 Nf2+ 46. Ke3 Nxh3 $19) 45... Nf2 46. Ke3 Nxh3 47. Kf3 {
White threatens to counter with Nxf4} Nxg5+ 48. fxg5 (48. Kg2 $19 {
hoping against hope}) 0-1

[Event "Jiskra Jaromer B-Maspork Nachod 2,5:5,5"]
[Site "?"]
[Date "2005.01.16"]
[Round "6.6"]
[White "Hejzlar, Zdenek"]
[Black "Boruvka, Milan"]
[Result "1-0"]
[WhiteElo "1836"]
[BlackElo "1568"]
[Annotator "Fritz 8 (30s)"]
[PlyCount "65"]
[EventDate "2005.??.??"]

{A45: Hra damskym piscem (Trompowskeho utok)
} 1. d4 Nf6 2. Bg5 Ne4 3. Bh4 d5 {
posledni tah z knihovny} 4. e3 c5 5. c3 Qb6 6. Qb3 Qh6 7. Bb5+ Nc6 (7... Nd7 $5
{is interesting} 8. Nf3 Qb6 $11) 8. Qxd5 $16 Qxh4 9. Bxc6+ bxc6 10. Qxc6+ Kd8
11. g3 (11. Qxa8 Qxf2+ 12. Kd1 Qf1+ 13. Kc2 Qxg2+ 14. Kb3 c4+ 15. Ka3 e5+ 16.
b4 cxb3+ (16... Qxh1 $6 {succumbs to} 17. Nd2 Nf2 18. Qxh1 Nxh1 19. Rf1 $19)
17. Kxb3 Nc5+ 18. dxc5 Qxa8 $19) 11... Qh6 $2 (11... Qf6 $142 12. Qxe4 Rb8 13.
Qd5+ Qd6 14. Qxf7 cxd4 $16) 12. Qxa8 $18 (12. Qxe4 $6 Rb8 13. dxc5 Bb7 $18)
12... Qb6 13. Qd5+ (13. b3 {might be the shorter path} cxd4 14. cxd4 Qb4+ 15.
Kf1 Qb7 16. Qxb7 Bxb7 $18) 13... Nd6 14. Qb3 (14. Qxc5 {is no comparison} Qxb2
15. Qa5+ Ke8 16. Qa4+ Bd7 $15) 14... Qc6 (14... cxd4 15. exd4 Bb7 16. f3 $18)
15. d5 Qa6 16. Nd2 Bf5 (16... e6 17. e4 $18) 17. c4 g6 18. Ne2 (18. Qc3 {
might be the shorter path} Rg8 19. Ngf3 Ne4 $18) 18... Bg7 19. Nc3 Bxc3 (19...
Qb6 $18) 20. Qxc3 (20. bxc3 $6 Kc7 21. O-O Bd3 $18) 20... f6 21. f3 Nf7 22. Kf2
Kc7 (22... h5 {is not the saving move} 23. a3 $18) 23. e4 Bd7 24. f4 (24. a3 {
keeps an even firmer grip} Qb6 $18) 24... Rf8 (24... e5 {doesn't do any good}
25. Qe3 Qb6 26. b4 Qxb4 27. Rhb1 $18) 25. Nb3 (25. Qe3 {
and White can already relax} Kb8 $18) 25... Kb6 (25... Qb6 {does not help much}
26. Qe3 Rc8 27. Qxc5+ (27. Nxc5 $143 Qxb2+ 28. Kf3 Bh3 29. Ne6+ Kd6 $18) 27...
Kd8 28. Qxb6+ axb6 29. Rhc1 $18) 26. Rhd1 (26. a4 $142 $18 {seems even better})
26... Nd6 (26... Rc8 {doesn't change the outcome of the game} 27. e5 fxe5 28.
fxe5 $18) 27. Nd2 (27. Nxc5 $142 {and the rest is a matter of technique} Qc8
28. Nxd7+ Qxd7 29. c5+ Kb7 30. cxd6 Qxd6 31. Rac1 $18) 27... Kc7 28. Kg2 Nb7
29. e5 Bf5 30. b4 Rc8 31. exf6 (31. a3 {makes it even easier for White} h5 $18)
31... exf6 32. Re1 Qd6 33. Qe3 (33. Qe3 Kb8 34. a3 $18) (33. b5 {
keeps an even firmer grip} Rf8 $18) 1-0